000 00570nam a2200145 a 4500
001 000032788
005 20200930065832.0
008 110726s1929 dr 000 0 spa d
040 _aDO-SdBNP
_bspa
_cBNPHU
110 1 _aRepública Dominicana
_9447
245 1 0 _aInforme que la honorable Congreso Nacional presenta a la Cámara de Cuentas de de la República sobre el ejercicio Fiscal y Municipal correspondiente al año 1928.
260 _aSanto Domingo :
_bImp. J. R. vda. García, Sucesores,
_c1929.
300 _a1v. Con varias paginaciones ;
_c30 cm.
049 _aBNPD
999 _c32279
_d32279